Anatomia koreanskiego cudu.

Rozhovor s prof. A. Lipovským, ktorý študoval faktory rastu, úlohu hospodárskej politiky Južnej Kórey, ako aj pracovitosť jej ľudí. Zásluhu na tomto úspechu majú americké a japonské investície, obchodné úvery a pomoc 24 mld. V roku 1982 bol zrušený systém priorít a subvencií, nastala liberalizácia ú...

Descrizione completa

Salvato in:
Dettagli Bibliografici
Autore principale: Lipowski, A.
Natura: Capitolo di libro
Lingua:polacco
Soggetti:
Tags: Aggiungi Tag
Nessun Tag, puoi essere il primo ad aggiungerne!!

MARC

LEADER 00000naa a2200000 4500
001 r004543
005 20221125122808.0
041 0 |a pol 
044 |a PL 
245 1 0 |a Anatomia koreanskiego cudu.  |c A. Lipowski 
520 |a Rozhovor s prof. A. Lipovským, ktorý študoval faktory rastu, úlohu hospodárskej politiky Južnej Kórey, ako aj pracovitosť jej ľudí. Zásluhu na tomto úspechu majú americké a japonské investície, obchodné úvery a pomoc 24 mld. V roku 1982 bol zrušený systém priorít a subvencií, nastala liberalizácia úrokovej miery a na trh prišli zahraničné banky. 
610 2 0 |a politika hospodárska 
610 2 0 |a vývoj hospodársky 
610 2 0 |a Južná Kórea 
610 2 0 |a investície zahraničné 
610 2 0 |a pomoc finančná 
610 2 0 |a úver obchodný 
100 1 |a Lipowski, A.